Obras finalistas / (Record no. 37495)

MARC details
000 -LEADER
campo de control de longitud fija 01024nam a2200277 i 4500
001 - NÚMERO DE CONTROL
campo de control 37495
003 - IDENTIFICADOR DE NÚMERO DE CONTROL
campo de control ES-MaACL
005 - FECHA Y HORA DE LA ÚLTIMA TRANSACCIÓN
campo de control 20240418144922.0
007 - CAMPO FIJO DE DESCRIPCIÓN FÍSICA--INFORMACIÓN GENERAL
campo de control de longitud fija t|
008 - DATOS DE LONGITUD FIJA--INFORMACIÓN GENERAL
campo de control de longitud fija 030310s1961 sp ||||1| spa d
080 ## - NÚMERO DE LA CLASIFICACIÓN DECIMAL UNIVERSAL
Número de la Clasificación Decimal Universal 821.134.2-32"19"(082)
111 2# - ENTRADA PRINCIPAL--NOMBRE DE CONGRESO/REUNIÓN
Nombre de congreso/reunión o jurisdicción como elemento de entrada Concurso Literario Popular del Club CCC (
Número del congreso/reunión o número de parte o sección 3º.
Fecha del congreso o de la firma del tratado 1961.
Sede del congreso/Lugar de la reunión San Sebastián)
9 (RLIN) 134
245 10 - MENCIÓN DEL TÍTULO
Título Obras finalistas /
Mención de responsabilidad, etc. 3er Concurso Literario Popular del Club CCC.
260 ## - PUBLICACIÓN, DISTRIBUCIÓN, ETC.
Lugar de publicación, distribución, etc. San Sebastián :
Nombre del editor, distribuidor, etc. CCC,
Fecha de publicación, distribución, etc. [1961]
300 ## - DESCRIPCIÓN FÍSICA
Extensión 250 p. ;
Dimensiones 19 cm.
505 8# - NOTA DE CONTENIDO CON FORMATO
Nota de contenido con formato Contiene: Cuentos literarios / por Monserrat Soler. La pierna de oro / por Emilio Mansera. Las fauces insaciables de la bestia / por Dominga Suárez
650 14 - PUNTO DE ACCESO ADICIONAL DE MATERIA--TÉRMINO DE MATERIA
Término de materia o nombre geográfico como elemento de entrada Novela española-
Subdivisión cronológica S.XX
9 (RLIN) 15636
700 1# - ENTRADA AGREGADA--NOMBRE PERSONAL
Nombre de persona Soler, Monserrat.
9 (RLIN) 107158
700 1# - ENTRADA AGREGADA--NOMBRE PERSONAL
Nombre de persona Mansera, Emilio.
9 (RLIN) 76114
700 1# - ENTRADA AGREGADA--NOMBRE PERSONAL
Nombre de persona Suárez, Dominga.
9 (RLIN) 108550
740 0# - ENTRADA AGREGADA--TÍTULO RELACIONADO/ANALÍTICO NO CONTROLADO
Título relacionado o analítico no controlado Cuentos literarios.
740 3# - ENTRADA AGREGADA--TÍTULO RELACIONADO/ANALÍTICO NO CONTROLADO
Título relacionado o analítico no controlado La pierna de oro.
740 4# - ENTRADA AGREGADA--TÍTULO RELACIONADO/ANALÍTICO NO CONTROLADO
Título relacionado o analítico no controlado Las suces insaciables.
852 ## - LOCALIZACIÓN
Ubicación ES-MaACL
Número de control de estantería C-20122
Sublocalización o colección R.48691
Holdings
Estatus retirado Estado de pérdida Estado de daño No para préstamo Biblioteca de origen Biblioteca actual Ubicación en estantería Fecha de adquisición Fuente de adquisición Total de préstamos Signatura topográfica completa Código de barras Visto por última vez Precio de reemplazo Tipo de ítem Koha
        Biblioteca del Ateneo de Madrid Biblioteca del Ateneo de Madrid Galería 17/01/2008     C-20122 1039462 23/02/2023 23/02/2023 Libro impreso